| 000 | 01022nam a2200229Ia 4500 | ||
|---|---|---|---|
| 999 |
_c43109 _d43109 |
||
| 001 | 9830 | ||
| 003 | GE_BSU | ||
| 005 | 20200226171729.0 | ||
| 008 | 181216s1975ge xx |||||||||||||| ||geo|| | ||
| 040 | _cGE_BSU | ||
| 041 | _ageo | ||
| 080 | _a821.353.1-311.6 ნ-99 | ||
| 100 |
_aნუცუბიძე, ქეთევან. _93683 |
||
| 245 |
_aპეტრე იბერი : _bისტორიული რომანი / _cქეთევან ნუცუბიძე ; რედ . ჯ,ლომაშვილი ; მხატვ : კ. თევზაძე. |
||
| 264 |
_aთბილისი : _bსაბჭოთა საქართველო, _c1975. |
||
| 300 |
_a232 გვ .: _c19 სმ. |
||
| 653 | _aისტორიული რომანი | ||
| 653 | _aპეტრე იბერი | ||
| 700 |
_aლომაშვილი, ჯ _eრედაქტორი _97525 |
||
| 700 |
_aთევზაძე, კ _eმხატვარი _97526 |
||
| 942 |
_cBK _2udc |
||